| 000 | 00567nam a2200205Ia 4500 | ||
|---|---|---|---|
| 003 | GCL | ||
| 008 | 140319s9999 xx 000 0 eng d | ||
| 040 |
_aGCL / _cGCL |
||
| 082 | 0 | 4 |
_a305.562 _bL W |
| 100 | 1 | _aLOCKMAN, ZACHARY | |
| 245 | 1 | 0 |
_aWORKERS AND WORKING CLASSES IN THE MIDDLE EAST / _cLOCKMAN, ZACHARY |
| 260 |
_a[S.N] : _bSTATE UNVIERSITY ، _c1994 |
||
| 650 | 0 | 4 | _aHISTORY 20TH CENTURY |
| 650 | 0 | 4 | _aWORKING CLASS |
| 650 | 0 | 4 | _aHISTORY 19TH CENTURY |
| 650 | 0 | 4 | _aMIDDLE EAST |
| 650 | 0 | 4 | _aHISTORIOLOGY |
| 650 | 0 | 4 | _aHISTORIOGRAPHY |
| 942 |
_2ddc _cBK |
||
| 999 |
_c24096 _d24096 |
||